Công báo năm 1972, 1973, 1974
Spremljeno u:
| Autor kompanije: | |
|---|---|
| Format: | Knjiga |
| Jezik: | Undetermined |
| Izdano: |
Hà Nội
1974
|
| Oznake: |
Dodaj oznaku
Bez oznaka, Budi prvi tko označuje ovaj zapis!
|
| Thư viện lưu trữ: | Trung tâm Học liệu Trường Đại học Cần Thơ |
|---|
| LEADER | 00507nam a2200157Ia 4500 | ||
|---|---|---|---|
| 001 | CTU_28631 | ||
| 008 | 210402s9999 xx 000 0 und d | ||
| 082 | |a 351.05 | ||
| 082 | |b V308/1974 | ||
| 110 | |a Việt Nam ( Dân chủ Cộng hòa ) | ||
| 245 | 0 | |a Công báo năm 1972, 1973, 1974 | |
| 245 | 0 | |c Việt Nam ( Dân chủ Cộng hòa ) | |
| 260 | |a Hà Nội | ||
| 260 | |c 1974 | ||
| 904 | |i Nguyễn Quang Điền,Nguyên | ||
| 980 | |a Trung tâm Học liệu Trường Đại học Cần Thơ | ||